| 000 | 00742cam a22002415a 4500 | ||
|---|---|---|---|
| 001 | 3256395 | ||
| 005 | 20201124142315.0 | ||
| 008 | 801023s1977 enka frb 001 0 eng d | ||
| 020 | _a0713159243 | ||
| 020 | _a0713159251 | ||
| 040 |
_aDLC _cDLC _dDLC _dEG-ScBUE _beng |
||
| 082 | 0 | 4 |
_a304.2 _222 _bSMI |
| 100 | 1 |
_aSmith, David M. _q(David Marshall), _d1936- |
|
| 245 | 1 | 0 |
_aHuman geography : _ba welfare approach / _cDavid M. Smith. |
| 260 |
_aLondon : _bEdward Arnold, _c1977. |
||
| 300 |
_axii, 402 p. : _bill. ; _c24 cm. |
||
| 504 | _aIncludes bibliographical references and index. | ||
| 650 | 7 |
_aSocial problems. _2BUEsh _95026 |
|
| 650 | 7 |
_aHuman geography. _2BUEsh _924253 |
|
| 651 | _2BUEsh | ||
| 653 |
_bGGEN _cMarch2018 |
||
| 942 | _2ddc | ||
| 999 |
_c26346 _d26318 |
||